| 000 | 01709nam a2200409Ka 4500 | ||
|---|---|---|---|
| 001 | 9405303 | ||
| 003 | NUST - PNEC | ||
| 005 | 20170116181110.0 | ||
| 006 | m d | ||
| 007 | cr bn||||||abp | ||
| 007 | cr bn||||||ada | ||
| 008 | 120314s1905 enkaf jo 000 1 eng d | ||
| 035 | _a(OCoLC)ocn780192949 | ||
| 035 | _a(OCoLC)780192949 | ||
| 040 |
_aOCLCE _beng _cLIBRARY |
||
| 049 | _aZCUA | ||
| 050 | 4 |
_aPR4731 _b.A97 1905 |
|
| 082 | 1 | 4 |
_a823.8 HAG _aFic _220 |
| 084 |
_a18.05 _2bcl |
||
| 100 | 1 |
_aHaggard, H. Rider _q(Henry Rider), _d1856-1925. |
|
| 245 | 1 | 0 |
_aAyesha _h[electronic resource] : _bthe return of She / _cby H. Rider Haggard. |
| 260 |
_aLondon : _bWard Lock, _c1905. |
||
| 300 |
_a384 p., [32] leaves of plates : _bill. ; _c20 cm. |
||
| 500 | _aSequel to: She. | ||
| 506 |
_3Use copy _fRestrictions unspecified _2star _5MiAaHDL |
||
| 533 |
_aElectronic reproduction. _b[S.l.] : _cHathiTrust Digital Library, _d2011. |
||
| 538 |
_aMaster and use copy. Digital master created according to Benchmark for Faithful Digital Reproductions of Monographs and Serials, Version 1. Digital Library Federation, December 2002. _uhttp://purl.oclc.org/DLF/benchrepro0212 |
||
| 583 | 1 |
_adigitized _c2011 _hHathiTrust Digital Library _lcommitted to preserve _2pda _5MiAaHDL |
|
| 650 | 1 |
_aAdventure and adventurers _vFiction. |
|
| 650 | 0 |
_aImmortalism _vFiction. _xGeneral book |
|
| 650 | 0 |
_aAyesha (Fictitious character : Haggard) _vFiction. |
|
| 655 | 7 |
_aAdventure fiction. _2gsafd |
|
| 655 | 7 |
_aFantasy fiction. _2gsafd |
|
| 776 | 1 |
_cOriginal _w(DLC) 88125663 _w(OCoLC)3721575 |
|
| 856 | 4 | 0 |
_3HathiTrust Digital Library _uhttp://catalog.hathitrust.org/api/volumes/oclc/3721575.html |
| 942 |
_2ddc _cBK |
||
| 999 |
_c69097 _d69097 |
||